| Tag |
First Indicator |
Second Indicator |
Subfields |
| LEADER |
00000cam a22000008a 4500 |
| 001 |
in00001007261 |
| 005 |
20150927215045.0 |
| 008 |
910123s1991 nyu b 00110beng |
| 010 |
|
|
|a 91006986
|
| 020 |
|
|
|a 0671736922
|
| 035 |
|
|
|a (OCoLC)23141510
|
| 035 |
|
|
|9 AFD5685AM
|
| 040 |
|
|
|a DLC
|c DLC
|d MRQ
|d TXA
|d UtOrBLW
|
| 043 |
|
|
|a e-ur---
|
| 049 |
|
|
|a TXAM
|
| 050 |
0 |
0 |
|a DK290.3.G67
|b K35 1991
|
| 082 |
0 |
0 |
|a 947.085/4/092
|2 20
|
| 100 |
1 |
|
|a Kaiser, Robert G.,
|d 1943-
|
| 245 |
1 |
0 |
|a Why Gorbachev happened :
|b his triumphs and his failure /
|c Robert G. Kaiser.
|
| 263 |
|
|
|a 9104
|
| 264 |
|
1 |
|a New York :
|b Simon & Schuster,
|c 1991.
|
| 300 |
|
|
|a 476 pages :
|b maps ;
|c 25 cm.
|
| 336 |
|
|
|a text
|b txt
|2 rdacontent
|
| 337 |
|
|
|a unmediated
|b n
|2 rdamedia
|
| 338 |
|
|
|a volume
|b nc
|2 rdacarrier
|
| 504 |
|
|
|a Includes bibliographical references (pages [452]-456) and index.
|
| 600 |
1 |
0 |
|a Gorbachev, Mikhail Sergeevich,
|d 1931-
|
| 651 |
|
0 |
|a Soviet Union
|x Politics and government
|y 1985-1991.
|
| 650 |
|
0 |
|a Heads of state
|z Soviet Union
|v Biography.
|
| 999 |
|
|
|a MARS
|
| 999 |
f |
f |
|s adbd4046-b790-39ed-a45d-cce3d7e6cf14
|i 80945e52-50f0-363f-889a-82e17f8c0389
|t 0
|
| 952 |
f |
f |
|p ric
|a Texas A&M University
|b Rellis Campus
|c Joint Library Facility
|d Remote Storage
|t 0
|e DK290.3.G67 K35 1991
|h Library of Congress classification
|i unmediated -- volume
|m A14814375854
|
| 998 |
f |
f |
|a DK290.3.G67 K35 1991
|t 0
|l Remote Storage
|